000 00730nam a2200289Ia 4500
005 20260324122700.0
008 008 260324s9999 xx 000 0 eng d
020 _a9780203357590
037 _aEBOOK
040 _aCRL
040 _beng
040 _cCRL
041 _2eng
041 _aeng
084 _qCRL
100 _aLorenzo Cotula
_91167391
245 0 _aHuman Rights, Natural Resource and Investment Law in a Globalised World
245 0 _bShades of Grey in the Shadow of the Law
260 _bTaylor and Francis
260 _c2012
365 _a
365 _b255
856 _uhttp://www.taylorfrancis.com/books/9780203357590
942 _cEBOOK
999 _c1760327
_d1760327